Alle PDC Darts Turniersieger 2000 - Statistiken

Allgemein
  • Dieses Quiz wurde 34 mal gespielt
  • Das Durchschnittsergebnis liegt bei 9 aus 25
Antwortstatistiken
Turnier Land Dartsspieler % Korrekt
World Darts Championship England Phil Taylor
100%
Golden Harvest North American Cup England Phil Taylor
100%
World Matchplay England Phil Taylor
100%
World Grand Prix England Phil Taylor
100%
PDC Eastbourne Open Kanada John Part
75%
Le Skratch Montreal Open England Peter Manley
60%
Swiss Open Niederlande Raymond van Barneveld
55%
Jersey Festival Of Darts England Alan-Warriner Little
50%
Wich City Open England Alan-Warriner Little
50%
Bosten Pro England Alan-Warriner Little
50%
England Open England Andy Jenkins
30%
Vauxhall Autumn Open England Andy Jenkins
30%
Denmark Open England Martin Adams
30%
Sunparks Masters England Martin Adams
30%
Isle Of Man Open England Ronnie Baxter
15%
Antwerb Open Schottland Jamie Harvey
10%
Lancashire Open England Les Fitton
10%
Irish Masters England Chris Mason
5%
Windy City Open England Dave Askew
5%
Welsh Open England John Walton
5%
German Open England Shayne Burgess
5%
PDC Northern Ireland Open England Shayne Burgess
5%
Scottish Open England Bob Aldous
0%
North American Open USA Luis Martinez
0%
Las Vegas Open USA Mark Goodwin
0%
Keine übereinstimmenden Quizze gefunden
Verteilung der Resultate
Anzahl Personen mit jedem Resultat
Perzentil nach korrekt beantworteten Fragen
Ihre Resultats-Entwicklung
Sie haben dieses Quiz noch nicht gespielt